Miracles (Record no. 18580)

MARC details
000 -LEADER
fixed length control field 00580nam a2200241 a 4500
020 ## - INTERNATIONAL STANDARD BOOK NUMBER
ISBN
082 00 - DEWEY DECIMAL CLASSIFICATION NUMBER
Classification number 226.7
Author Cutter LEW1
100 ## - MAIN ENTRY--AUTHOR NAME
Author name Lewis, C S
245 ## - TITLE STATEMENT
Title Miracles
Sub title a Preliminary Study
260 ## - PUBLICATION, DISTRIBUTION, ETC. (IMPRINT)
Place of publication Zondervan
Name of publisher Harper San Francisco
Year of publication 1974
300 ## - PHYSICAL DESCRIPTION
Number of Pages 294p
500 ## - GENERAL NOTE
General note includes index and biblioraphy
505 2# - FORMATTED CONTENTS NOTE
Formatted contents note Appendices
650 ## - SUBJECT ADDED ENTRY--TOPICAL TERM
Topical Term Bible-Miracles
942 ## - ADDED ENTRY ELEMENTS (KOHA)
Koha item type Books
700 1# -
-- Lewis, C S
Holdings
Collection code Home library Current library Date acquired Cost, normal purchase price Full call number Accession Number Koha item type
  Henry Martyn Institute Library Henry Martyn Institute Library 06/20/2007 549.70 226.7 LEW1 11001631 Books
                   Copyright © 2026 | Henry Martyn Institute | Hyderabad | TS-500052 | INDIA | Implemented by hmi.edu.in
Hit-Count:

Powered by Koha